VIRTUAL PAPER BASED FILING SYSTEM (Record no. 173162)

000 -LEADER
fixed length control field 00448nam a2200145 4500
082 ## - DEWEY DECIMAL CLASSIFICATION NUMBER
Classification number BIT-12 HAI
100 ## - MAIN ENTRY--PERSONAL NAME
Personal name ALI HAIDER
245 ## - TITLE STATEMENT
Title VIRTUAL PAPER BASED FILING SYSTEM
260 ## - PUBLICATION, DISTRIBUTION, ETC.
Place of publication, distribution, etc. ISLAMABAD
Name of publisher, distributor, etc. NUST-SEECS
Date of publication, distribution, etc. 2014
300 ## - PHYSICAL DESCRIPTION
Extent 39p.
Accompanying material CD INCLUDES
856 ## - Uniform Resource Identifier
Uniform Resource Identifier <a href="http://10.250.8.41:8080/xmlui/handle/123456789/9517">http://10.250.8.41:8080/xmlui/handle/123456789/9517</a>
942 ## - ADDED ENTRY ELEMENTS (KOHA)
Source of classification or shelving scheme
Koha item type Thesis
Holdings
Withdrawn status Lost status Source of classification or shelving scheme Damaged status Not for loan Collection code Permanent Location Current Location Shelving location Date acquired Source of acquisition Total Checkouts Full call number Barcode Date last seen Price effective from Koha item type
            Central Library (CL) Central Library (CL) Thesis 01/19/2017 NUST-SEECS   BIT-12 HAI SEECSP01905 01/19/2017 01/19/2017 Thesis
© 2023 Central Library, National University of Sciences and Technology. All Rights Reserved.